000 00277nam a2200121Ia 4500
008 241002s9999 xx 000 0 und d
082 _a947.47312 ALT
100 _aAltaf, Husain
245 2 _aA fortnight moscow
260 _aKarachi:
_c1952
600 _aHistory
942 _cUC
999 _c18929
_d18929